000 01147nam a2200217 a 4500
008 120416s2004 ||||||||||||||||| || u
020 _a0131230115
050 _aHF 5415.3 Sol
100 _aSolomon, Michael R
245 1 0 _aConsumer behaviour: buying, having and being. -- 6th ed.
250 _a6th. ed.
260 _aUpper Saddle River,NJ
_bPearson/Prentice Hall
_c2004
300 _axviii, 621p. : ill.
350 _a0.00
650 0 _aMARKETING--MANAGEMENT--CASE STUDIES
650 _aCONSUMER BEHAVIOUR
995 _aMAIN LIBRARY OPEN ACCESS
_D0.00
_e736722
_FCBU-MAIN LIBRARY (Kitwe)
_H1
_I37.50
_jHF 5415.3 Sol
_M1
_UAVAILABLE
_y40075
_ZMain Library Open Access Collection
995 _aBINDERY (DAMAGED)
_D0.00
_e736725
_FCBU-MAIN LIBRARY (Kitwe)
_H4
_I37.50
_jHF 5415.3 Sol
_M4
_UDAMAGED
_y40080
_ZMain Library Open Access Collection
995 _aBINDERY (DAMAGED)
_D0.00
_e736723
_FCBU-MAIN LIBRARY (Kitwe)
_H2
_I37.50
_jHF 5415.3 Sol
_M2
_UDAMAGED
_y40077
_ZMain Library Open Access Collection
995 _aMAIN LIBRARY OPEN ACCESS
_D0.00
_e736724
_FCBU-MAIN LIBRARY (Kitwe)
_H3
_I37.50
_jHF 5415.3 Sol
_M3
_UAVAILABLE
_y40079
_ZMain Library Open Access Collection
999 _c79804
_d79804